Statistics for I Heart ? Lyrics

Click here to take the quiz!

General Stats

  • This quiz has been taken 10 times
  • The average score is 245 of 312

Answer Stats

Answer% Correct
break
100%
fix
100%
had
100%
heart
100%
I
100%
make
100%
make-up
100%
mark
100%
my
100%
on
100%
put
100%
question
100%
smell
100%
the
100%
up
100%
wake
100%
a
83%
an
83%
and
83%
ask
83%
baby
83%
back
83%
but
83%
hand
83%
if
83%
just
83%
me
83%
no
83%
of
83%
overrated
83%
right
83%
that
83%
there's
83%
to
83%
was
83%
what
83%
why
83%
wish
83%
written
83%
you
83%
about
67%
alright
67%
at
67%
be
67%
believe
67%
blue
67%
by
67%
can't
67%
complicated
67%
concentrated
67%
could
67%
cry
67%
didn't
67%
do
67%
every
67%
fine
67%
go
67%
home
67%
I'd
67%
I'll
67%
I'm
67%
it
67%
like
67%
love
67%
made
67%
night
67%
oh
67%
phone
67%
plan
67%
see
67%
sit
67%
something
67%
talk
67%
they
67%
thought
67%
wait
67%
walked
67%
we
67%
were
67%
wrong
67%
you'd
67%
you're
67%
alive
50%
another
50%
beat
50%
before
50%
bet
50%
black
50%
came
50%
created
50%
fell
50%
got
50%
into
50%
know
50%
look
50%
mess
50%
now
50%
only
50%
out
50%
said
50%
through
50%
yeah
50%
you'll
50%
all
33%
alone
33%
down
33%
everything
33%
haven't
33%
it's
33%
planned
33%
realize
33%
remember
33%
someday
33%
still
33%
think
33%
took
33%
way
33%
when
33%
will
33%
wonder
33%
won't
33%

Score Distribution

Percentile by Number Answered

Percent of People with Each Score

Your Score History

You have not taken this quiz